000
00216nam a2200097Ia 4500
005
20251222114347.0
008
251222s1900||||xx |||||||||||||| ||spa||
082
_a
DVD0150/C33/1988
245
0
_a
Don Bosco.
942
_c
DVD
999
_c
1071
_d
1071